000 00903nam a22002897a 4500
001 BR9803643
003 BR-BrBNA
005 20230928100001.0
007 ta
008 230509b bl.||||| |||| 00| 0 por d
040 _aBR-BrBNA
_bpor
_cBiblioteca Nacional de Agricultura
041 _a(Por)
072 _aF01
_b0940
090 _ 0940 BR9803643
100 1 _aKalil, G.P. da C.
110 1 _aEscola Superior de Agricultura Luiz de Queiroz, Piracicaba, SP (Brasil)
_0Tese (Mestre em Agronomia)
245 1 _aEfeito do anelamento e do acido giberelico na frutificacao da uva sem sementes "Maria"
260 3 _aPiracicaba, SP (Brasil):
_c1998.
300 _a58 p.
500 _aBibliography p. 48-58; 17 illus.; Summaries (Eng, Por)
650 _aUva
650 _aAcido Giberelico
650 _aFrutificacao
650 _aAnelagem
909 _a202309
_bLucia
_c55
_dLucia Elande
942 _cBK
999 _c59733
_d59733